Statistiques concernant Culture Générale - Série 1809

Cliquez ici pour prendre le quiz!

Statistiques générales

  • Ce quiz a été pris 110 fois
  • Le résultat moyen est 4 sur 10

Statistiques - réponses

QuestionRéponse% Correct
Quel numéro porte la route mythique des Etats Unis qui relie les villes de Chicago ( (Illinois) à Santa Monica (Californie) ?66
92%
Le fonctionnement familial dans lequel la mère a une influence, une autorité prépondérante s'appelle le ...matriarcat
75%
Lors de la 1ère guerre mondiale, quel surnom a été donné à l'aviateur allemand Manfred von Richthofen ?le baron rouge
67%
L'’ensemble de principes et règles éthiques d' une activité professionnelle est régi par le code de ...déontologie
63%
Quelle est la capitale de l'Ouzbékistan ?Tachkent
56%
Quel footballeur, puis entraineur de l'AS Saint-Etienne était surnommé "Le sphinx" ?Robert Herbin
23%
Qui a écrit le roman "Genitrix" en 1923 ?François Mauriac
14%
Quel nom (de poisson) donne-t-on au petit muscle long et plat pris dans la cuisse du bœuf ?merlan
10%
Dans le bâtiment, quel nom d'animal donne-t-on à une plateforme individuelle roulante légère ?gazelle
3%
En Russie, comment appelle-t-on la charrette à quatre roues utilisée pour le transport des marchandises ?téléga
1%

Distribution des résultats

Percentile par nombre de réponses

% des personnes avec chaque résultat

Votre développement - résultats

Vous n’avez pas pris ce quiz